书目信息 |
| 题名: |
功绩永垂
|
|
| 作者: | 周广双 编写 | |
| 分册: | ||
| 出版信息: | 长春 吉林出版集团有限责任公司 2011.03 |
|
| 页数: | 119页 | |
| 开本: | 21cm | |
| 丛书名: | ||
| 单 册: | ||
| 中图分类: | I25 , G268.1 | |
| 科图分类: | ||
| 主题词: | 报告文学--中国--现代 , 报告文学 , 毛主席纪念堂 , 毛主席纪念堂--史料 | |
| 电子资源: | ||
| ISBN: | 978-7-5463-2638-2 | |
| 000 | 01025nam0 22003011 450 | |
| 001 | 004523099 | |
| 005 | 20111231102227.45 | |
| 010 | @a978-7-5463-2638-2@dCNY22.00 | |
| 096 | @aI253.9@bzgs | |
| 100 | @a20100515d2011 em y0chiy50 ea | |
| 101 | 0 | @achi |
| 102 | @aCN@b220000 | |
| 105 | @ay z 000zy | |
| 200 | 1 | @a功绩永垂@9gong ji yong chui@e毛主席纪念堂设计施工与建设@f周广双编写 |
| 210 | @a长春@c吉林出版集团有限责任公司@d2011.03 | |
| 215 | @a119页@d21cm | |
| 300 | @a共和国故事 | |
| 330 | @a本书分为中央决定、施工会战、宏伟建筑、万人景仰四部分,内容包括:中央指示研制水晶棺、李瑞环主持召开誓师大会、纪念堂独具民族风采、纪念堂迎来三批尊贵来宾等。 | |
| 517 | 1 | @a毛主席纪念堂设计施工与建设@9mao zhu xi ji nian tang she ji shi gong yu jian she |
| 606 | 0 | @a报告文学@y中国@z现代 |
| 606 | 0 | @a报告文学 |
| 606 | 0 | @a毛主席纪念堂 |
| 606 | 0 | @a毛主席纪念堂@j史料 |
| 690 | @aI25@v4 | |
| 690 | @aG268.1@v4 | |
| 701 | 0 | @a周广双@9zhou guang shuang@4编写 |
| 801 | 0 | @c20111231 |
| 905 | @aZUCC@dI25@eZ760@f3 | |
| 功绩永垂:毛主席纪念堂设计施工与建设/周广双编写.-长春:吉林出版集团有限责任公司,2011.03 |
| 119页;21cm |
| 共和国故事 |
| ISBN 978-7-5463-2638-2:CNY22.00 |
| 本书分为中央决定、施工会战、宏伟建筑、万人景仰四部分,内容包括:中央指示研制水晶棺、李瑞环主持召开誓师大会、纪念堂独具民族风采、纪念堂迎来三批尊贵来宾等。 |
| ● |
| 相关链接 |
|
|
|
正题名:功绩永垂
索取号:I25/Z760
 
预约/预借
| 序号 | 登录号 | 条形码 | 馆藏地/架位号 | 状态 | 备注 |
| 1 | 1193894 | 211938947 | 文学库108/108文学库 66排5列3层/ [索取号:I25/Z760] | 在馆 | |
| 2 | 1193895 | 211938956 | 文学库108/108文学库 66排5列3层/ [索取号:I25/Z760] | 在馆 | |
| 3 | 1193896 | 211938965 | 文学库108/108文学库 66排5列3层/ [索取号:I25/Z760] |
已借出,限还日期为2026.06.19 借出人:李丹 |